Essays in memory of Jean Carozz The law and the sea

Αποθηκεύτηκε σε:
Λεπτομέρειες βιβλιογραφικής εγγραφής
Κύριος συγγραφέας: Jean Carroz
Μορφή: Βιβλίο
Γλώσσα:Undetermined
Έκδοση: Rome FAO 1987
Θέματα:
Ετικέτες: Προσθήκη ετικέτας
Δεν υπάρχουν, Καταχωρήστε ετικέτα πρώτοι!
Thư viện lưu trữ: Trung tâm Học liệu Trường Đại học Cần Thơ
LEADER 00520nam a2200193Ia 4500
001 CTU_29222
008 210402s9999 xx 000 0 und d
082 |a 341.45 
082 |b C319 
100 |a Jean Carroz 
245 0 |a Essays in memory of Jean Carozz 
245 4 |b The law and the sea 
245 0 |c Jean Carroz, FAO 
260 |a Rome 
260 |b FAO 
260 |c 1987 
650 |a international law 
904 |i Nguyễn Quang Điền, 990315 
980 |a Trung tâm Học liệu Trường Đại học Cần Thơ